000 00651nam a2200217 a 4500
001 000022764
005 20200930021801.0
008 101117s1999 sp r 000 | spa d
020 _a8430603425
040 _aDO-SdBNP
_bspa
_cBNPHU
082 _axxx
_bD131d
100 1 _aDahl, Robert
_946771
240 1 0 _aOn democracy
245 1 3 _aLa democracia :
_buna guía para los ciudadanos /
_cRobert Dahl; traducción de Fernando Vallespín.
260 _aMadrid :
_bTaurus,
_c1999.
300 _a246 p. ;
_c21 cm.
490 _aPensamiento
700 1 _aVallespín, Fernando
_etr.
_946772
834 _aTítulo original :
_tOn democracy
049 _aBNGR
999 _c22261
_d22261